| 000 | 00497nam a2200169 i 4500 | ||
|---|---|---|---|
| 001 | 47755 | ||
| 003 | ES-MaACL | ||
| 005 | 20230906161626.0 | ||
| 007 | t| | ||
| 008 | 030522s1908 fr ||||1| fre d | ||
| 100 | 1 |
_aBillard, Max. _928879 |
|
| 245 | 1 | 3 |
_aLa maladie et la mort de Louis XV / _cpar Max Billard et André Fasquelle. |
| 260 |
_aSaint-Etienne : _b[s.n.], _c1908 ( _fImp.de A. Waton) |
||
| 300 |
_a24 p. : _bil. |
||
| 700 | 1 |
_aFasquelle, André. _948916 |
|
| 852 |
_aES-MaACL _jT-1230-F-5 |
||
| 999 |
_c47755 _d47755 |
||